| 000 | 01506nam0a22003011 4500 | ||
|---|---|---|---|
| 001 | RU\NLR\INFOCOMM_190\5000033446 | ||
| 005 | 20250613091600.0 | ||
| 035 | _a(NLR Aleph) 009116225 | ||
| 090 |
_a8191446 _c8191446 |
||
| 100 | _a20090216d1980 |||y0rusy50 ca | ||
| 101 | 0 | _aeng | |
| 102 | _aRU | ||
| 105 | _ay ||||000|y | ||
| 200 | 1 |
_aLaboratory methods of leptospirosis diagnosing in man and their suitability for population screening and detecting natural foci _fDr. E. Bernasovskaya _gUnited Nations environment progr. USSR commiss. for UNEP, Intern. project on zoonoses management. 1980 Training course, Moscow, Kiev, Baku, Samarkand, 15 Sept. - 20 Nov. |
|
| 210 |
_a[М.] _cВИНИТИ _d1980 |
||
| 215 |
_a32 с. _d29 см |
||
| 300 | _aВ вып. дан.: Методы лабораторной диагностики лептоспироза, их эффективность при массовом обследовании населения | ||
| 300 | _aВ надзаг.: United Nations environment progr. USSR commiss. for UNEP, Intern. project on zoonoses management. 1980 Training course, Moscow, Kiev, Baku, Samarkand, 15 Sept. - 20 Nov. | ||
| 320 | _aБиблиогр.: с. 31-32 | ||
| 686 |
_aР514.Б8-46 _2rubbk |
||
| 686 |
_aР194.68-391 _2rubbk |
||
| 700 | 1 |
_9z01790 _aBernasovskaja _bE. P. _gElizaveta Petrovna _4070 |
|
| 790 | 1 |
_9z01700 _aBernasovskaya _bE. _4070 |
|
| 801 | 1 |
_aRU _bNLR _c20090216 |
|
| 801 | 0 |
_aRU _bNLR _gPSBO |
|
| 852 |
_aNLR _jМд31 Д-8/34 |
||
| 942 | _cBOOK | ||
| 980 | _aNB | ||